| 000 | 00609nam a2200133Ia 4500 | ||
|---|---|---|---|
| 008 | 171212s9999 xx 000 0 und d | ||
| 020 | _a9780833048820 | ||
| 100 | _aChandra, Anita;Acosta, Joie D. | ||
| 245 |
_cChandra, Anita;Acosta, Joie D. _aThe Role of Nongovernmental Organizations in Long-Term Human Recovery After Disaster _bReflections From Louisiana Four Years After Hurricane Katrina |
||
| 260 |
_bRAND Corporation _c2009 |
||
| 650 | _aDisaster relief -- Louisiana; Non-governmental organizations; Hurricane Katrina, 2005 | ||
| 650 | _aHealth Sciences | ||
| 856 | _uwww.jstor.org/stable/10.7249/op277rc | ||
| 999 |
_c352715 _d352715 |
||